| 000 | 00759cam a2200229 a 4500 | ||
|---|---|---|---|
| 999 |
_c7281 _d7281 |
||
| 001 | 638 | ||
| 003 | BD-DhUAP | ||
| 005 | 20210118152239.0 | ||
| 008 | 210118r19951986ii a 001 0 eng | ||
| 020 | _a0074601423 | ||
| 040 |
_aDLC _cDLC _dBD-DhUAP _beng |
||
| 082 | 0 | 0 |
_a005.362 GOT _223 |
| 100 | 1 | _aGottfried, Byron S. | |
| 245 | 1 | 0 |
_aSchaum's outline of theory and problems of programming with basic : _bincluding expanded microcomputer basic section / _cByron S. Gottfried. |
| 250 | _a3rd ed. | ||
| 260 |
_aNew Delhi : _bTata McGraw-Hill, _cc1986 [Reprinted 1995]. |
||
| 300 |
_a386 pages : _billustrations ; _c28 cm. |
||
| 490 | 0 | _aSchaum's outline series. | |
| 500 | _aIncludes index. | ||
| 650 | 0 | _aBASIC (Computer program language). | |
| 942 |
_2ddc _cBK |
||